[Event "Banff op"]
[Site "Banff"]
[Date "2021.11.13"]
[Round "4"]
[White "Yao, David"]
[Black "Wu, Charles"]
[Result "1/2-1/2"]
[WhiteElo "1819"]
[BlackElo "1779"]
[PlyCount "110"]
[EventDate "2021.11.12"]
[EventType "swiss"]
[EventRounds "6"]
[EventCountry "CAN"]
[SourceTitle "CBM 205 Extra"]
[Source "ChessBase"]
[SourceDate "2022.01.31"]
[SourceVersion "1"]
[SourceVersionDate "2022.01.31"]
[SourceQuality "1"]

1. Nf3 d5 2. g3 Bf5 3. Bg2 e6 4. d3 Nf6 5. Nbd2 h6 6. 0-0 Be7 7. c3 0-0 8. Qb3 Qc8 9. Re1 a5 10. a4 Na6 11. Nd4 Bg6 12. f4 Nc5 13. Qc2 c6 14. Kh1 Ng4 15. N2b3 e5 16. fxe5 Nxe5 17. Nxc5 Bxc5 18. Be3 Be7 19. Bf4 Bf6 20. b4 Re8 21. Bxe5 Bxe5 22. Nf3 axb4 23. Nxe5 Rxe5 24. cxb4 Qg4 25. Qd2 Rae8 26. Bf3 Qd4 27. b5 cxb5 28. axb5 Be4 29. Kg2 Bxf3+ 30. exf3 Rxe1 31. Rxe1 Rxe1 32. Qxe1 Qxd3 33. Qe8+ Kh7 34. Qxf7 Qe2+ 35. Kh3 Qxb5 36. Qf5+ Kg8 37. Qc8+ Kf7 38. Qf5+ Ke7 39. Qe5+ Kd8 40. Qb8+ Kd7 41. Qe5 Kc8 42. Kg2 Qd7 43. Qc3+ Kb8 44. Qe5+ Kc8 45. Qc3+ Kd8 46. Qa5+ Ke7 47. Qb4+ Kf7 48. Qf4+ Kg8 49. Qd4 Qc6 50. g4 Qc4 51. Qe5 b5 52. Qe6+ Kh8 53. g5 hxg5 54. Qe8+ Kh7 55. Qh5+ Kg8 1/2-1/2